000 00692cam a2200193 4500
001 AS61221
008 000000n1999 000 0 eng u
035 _a(Sirsi) u101821
100 _aForshaw, R.
245 4 _aThe home of the future is here.
260 _c1999
490 _aHousing Today
_v(149) 2 September 1999, 14-15(2)
520 _aReviews the Integer house, intended to be 'intelligent and green'. The estimated fuel bill for a year is £40. A demo house has been completed and so far there are plans to build 200 houses.
650 _aINTEGER HOUSE
650 _aGREEN HOMES
650 _aSustainability
_96271
690 _aENVIRONMENTAL AND LAND CONSULTANCY
942 _n0
999 _c60933
_d60933